000 00508nam a2200193Ia 4500
008 191130s2005##################000#0#eng##
020 _a60570199
040 _aACL
_cACL
082 _a813.54 LOG
100 _aLogan, Chuck
245 _aAfter the rain
_cChuck Logan
260 _aNew York
_bHarperTorch
_c2005
300 _a414 p
650 _aBroker, Phil (Fictitious character)
650 _aEx-police officers
990 _a784a2181ac10000c488248b74b7c437f
991 _a318166
999 _c364489
_d364489